[Event "IIFL Wealth 4th Mumbai GM"]
[Site "Mumbai"]
[Date "2018.12.31"]
[Round "2"]
[White "Srijit Paul"]
[Black "Khusenkhojaev, Muhammad"]
[Result "0-1"]
[WhiteElo "2298"]
[BlackElo "2455"]
[Annotator "ChessBase"]
[PlyCount "59"]
[EventDate "2018.12.30"]
[EventType "swiss"]
[EventCountry "IND"]
[SourceTitle "playchess.com"]
[Source "ChessBase"]
[SourceQuality "1"]
[TimeControl "40/5400+30:1800+30"]

1. e4 {[%emt 0:00:00]} e5 {[%emt 0:00:00]} 2. Nf3 {[%emt 0:00:00]} Nc6 {[%emt 0:00:00]} 3. Bc4 {[%emt 0:00:00]} Bc5 {[%emt 0:00:05]} 4. c3 {[%emt 0:00:00]} Nf6 {[%emt 0:00:06]} 5. d3 {[%emt 0:00:00]} d6 {[%emt 0:00:11]} 6. Bb3 {[%emt 0:00:12]} a6 {[%emt 0:00:12]} 7. h3 {[%emt 0:00:06]} Ba7 {[%emt 0:00:08]} 8. Nbd2 {[%emt 0:00:13]} O-O {[%emt 0:00:16]} 9. Nf1 {[%emt 0:00:04]} d5 {[%emt 0:00:14]} 10. Qe2 {[%emt 0:00:05]} Be6 {[%emt 0:00:18]} 11. Bc2 {[%emt 0:00:38]} b5 {[%emt 0:02:12]} 12. N3h2 {[%emt 0:13:11]} Nd7 {[%emt 0:09:07]} 13. Ne3 {[%emt 0:02:22]} d4 {[%emt 0:00:34]} 14. Nf5 {[%emt 0:00:25]} dxc3 {[%emt 0:03:26]} 15. bxc3 {[%emt 0:01:22]} b4 {[%emt 0:00:23]} 16. Ba4 {[%emt 0:36:19]} Nc5 {[%emt 0:00:29]} 17. Bxc6 {[%emt 0:00:07]} Nxd3+ {[%emt 0:00:11]} 18. Kf1 {[%emt 0:00:01]} Nxf2 {[%emt 0:00:17]} 19. Be3 {[%emt 0:00:11]} Nxh1 {[%emt 0:06:41]} 20. Bxa7 {[%emt 0:25:55]} Bxf5 {[%emt 0:00:54]} 21. Qe3 {[%emt 0:00:07]} Rxa7 {[%emt 0:00:46]} 22. exf5 {[%emt 0:00:22]} Qd6 {[%emt 0:01:49]} 23. Bf3 {[%emt 0:01:34]} e4 {[%emt 0:01:34]} 24. Ng4 {[%emt 0:10:58]} Ng3+ {[%emt 0:03:33]} 25. Kf2 {[%emt 0:01:22]} exf3 {[%emt 0:01:24]} 26. Qxa7 {[%emt 0:00:13]} Nxf5 {[%emt 0:00:44]} 27. Kg1 {[%emt 0:00:21]} bxc3 {[%emt 0:03:37]} 28. Qf2 {[%emt 0:00:18]} c2 {[%emt 0:01:27]} 29. Rc1 {[%emt 0:00:53]} h5 30. Ra1 0-1

[Event "IIFL Wealth 4th Mumbai GM"]
[Site "Mumbai"]
[Date "2018.12.31"]
[Round "2"]
[White "Konguvel, Ponnuswamy"]
[Black "Shyaamnikhil P"]
[Result "1/2-1/2"]
[WhiteElo "2282"]
[BlackElo "2448"]
[Annotator "TA"]
[PlyCount "67"]
[EventDate "2018.12.30"]
[EventType "swiss"]
[EventCountry "IND"]
[SourceTitle "playchess.com"]
[Source "ChessBase"]
[SourceQuality "1"]

{[%evp 17,67,85,69,51,77,73,95,62,89,83,85,74,83,55,46,42,75,-57,-59,-47,-49,-54,-28,-96,-68,-83,-84,-96,-79,-81,-62,-114,-75,-100,-49,-68,-23,-7,0,-11,0,0,0,0,0,0,0,0,0,0,0,0]} 1. e4 c5 2. Nf3 e6 3. d4 cxd4 4. Nxd4 a6 5. Bd3 Ne7 6. O-O Nbc6 7. Nb3 d6 {B42: Sicilian: Kan Variation: 5 Bd3} 8. Be3 Ng6 9. f4 Be7 {LiveBook: 3 Games. White is better.} 10. Nc3 $146 ({Predecessor:} 10. N1d2 O-O 11. Qh5 b5 12. Rf3 e5 13. f5 Nf4 14. Bxf4 exf4 15. Rxf4 {½-½ (45) Pavasovic,D (2601)-Gonda,L (2507) Nova Gorica 2008}) 10... Rb8 11. a4 b6 12. Qe2 Ra8 13. f5 Nge5 14. fxe6 fxe6 15. Nd4 Nxd4 16. Bxd4 Bf6 $1 17. Rxf6 (17. Qh5+ $16 g6 18. Qh6) 17... Qxf6 $15 18. Bxb6 O-O 19. Qe3 Qe7 20. Ne2 (20. Be2 $11 {remains equal.}) 20... Rf6 21. h3 Bb7 22. Ng3 Raf8 {Strongly threatening ...Rf3!} 23. Be2 Rg6 24. Ra3 ({White should try} 24. Bd4 $15) 24... h5 25. Rc3 {[#]} Qh4 (25... h4 $1 $17 26. Rc7 Qe8) 26. Bc7 $1 {[%cal Rc7d6] [#]} Nf3+ $1 {[%mdl 512]} 27. Bxf3 Qxg3 {The position is equal.} 28. Qe2 $1 Qf4 29. Bxh5 Rg5 {Threatens to win with ...Qc1+.} 30. Bf3 Qc1+ 31. Kh2 Qf4+ 32. Kg1 Qc1+ 33. Kh2 Qf4+ 34. Kg1 {Accuracy: White = 52%, Black = 36%.} 1/2-1/2

[Event "IIFL Wealth 4th Mumbai GM"]
[Site "Mumbai"]
[Date "2018.12.31"]
[Round "2"]
[White "Dushyant Sharma"]
[Black "Mohammad Nubairshah Shaikh"]
[Result "0-1"]
[WhiteElo "2271"]
[BlackElo "2437"]
[Annotator "TA"]
[PlyCount "68"]
[EventDate "2018.12.30"]
[EventType "swiss"]
[EventCountry "IND"]
[SourceTitle "playchess.com"]
[Source "ChessBase"]
[SourceQuality "1"]

{[%evp 19,68,16,47,13,30,0,0,-7,-15,-33,-31,-20,-18,-36,-18,-18,-25,-51,-16,-232,-217,-201,-206,-203,-210,-204,-213,-318,-266,-367,-358,-347,-343,-509,-501,-569,-576,-604,-596,-771,-752,-897,-890,-1166,-774,-1013,-790,-1986,-1941,-1791,-1738]} 1. e4 g6 2. d4 Bg7 3. Nc3 c6 4. h3 d6 5. Be3 Nf6 6. Qd2 O-O 7. Bd3 {B07: Pirc Defence: Miscellaneous Systems} (7. Nf3 Nbd7 8. e5 dxe5 9. dxe5 Nd5 10. Nxd5 cxd5 11. Bh6 Nxe5 12. Nxe5 Bxe5 13. Bxf8 Kxf8 14. c3 Be6 15. Be2 Qb6 {1-0 (36) Saric,I (2669)-Mchedlishvili,M (2603) Riadh 2017}) 7... e5 8. Nf3 Qe7 9. O-O Nbd7 10. Rfe1 Re8 {LiveBook: 5 Games} 11. Rad1 b5 12. dxe5 dxe5 13. a4 $146 ({Predecessor:} 13. Bg5 Qf8 14. Bf1 h6 15. Bxf6 Nxf6 16. Qd6 Bb7 17. a3 {1-0 (72) Macias Velazquez,M (2117)-Valido Bouza,C (2211) Havana 2009}) 13... a6 14. Bg5 Bb7 15. Bf1 Nc5 16. Qd6 h6 17. Qxe7 Rxe7 18. Bh4 g5 $36 {[%mdl 2048] Black is more active.} 19. b4 $2 (19. Bg3 $11) 19... Nxa4 $19 ({Inferior is} 19... gxh4 20. bxc5 Rd7 21. Rb1 $11 (21. Nxe5 Rxd1 22. Nxd1 Re8 $11) (21. axb5 cxb5 22. Rxd7 Nxd7 $11)) 20. Nxa4 bxa4 21. Bg3 {[#]} c5 $1 {[%mdl 512]} 22. bxc5 Nxe4 23. Bc4 (23. Ra1 {might work better.}) 23... Rc8 ({Less strong is} 23... Nxc5 24. Nxe5 Rae8 25. f4 $17) 24. Bd5 {Threatens to win with Bxb7.} Nxg3 25. fxg3 Rxc5 26. Bxb7 (26. c4 $142) 26... Rxb7 {Black is clearly winning.} 27. Re4 Ra5 28. Ra1 a3 29. Nd2 f5 30. Ree1 e4 31. Nc4 Rc5 32. Nd6 Rd7 33. Nxe4 Bxa1 34. Nxc5 Bd4+ {Precision: White = 24%, Black = 84%.} 0-1

[Event "IIFL Wealth 4th Mumbai GM"]
[Site "Mumbai"]
[Date "2018.12.31"]
[Round "2"]
[White "Mohota, Nisha"]
[Black "Muthaiah AL"]
[Result "0-1"]
[WhiteElo "2264"]
[BlackElo "2408"]
[Annotator "NA"]
[PlyCount "88"]
[EventDate "2018.12.30"]
[EventType "swiss"]
[EventCountry "IND"]
[SourceTitle "playchess.com"]
[Source "ChessBase"]
[SourceQuality "1"]
[TimeControl "40/5400+30:1800+30"]

1. e4 {[%emt 0:00:00]} c5 {[%emt 0:01:01]} 2. c3 {[%emt 0:00:00]} Nf6 {[%emt 0:01:30]} 3. e5 {[%emt 0:00:00]} Nd5 {[%emt 0:00:06]} 4. Nf3 {[%emt 0:00:00]} d6 {[%emt 0:00:43]} 5. Bc4 {[%emt 0:00:00]} e6 {[%emt 0:00:29]} 6. d4 {[%emt 0:00:08]} cxd4 {[%emt 0:04:56]} 7. cxd4 {[%emt 0:00:03]} Nc6 {[%emt 0:00:17]} 8. O-O {[%emt 0:00:22]} Be7 {[%emt 0:01:14]} 9. Bd2 {[%emt 0:02:22]} O-O {[%emt 0:02:03]} 10. Nc3 {[%emt 0:04:00]} Nb6 {[%emt 0:02:38]} 11. Bb3 {[%emt 0:02:06]} d5 {[%emt 0:21:45]} 12. Bc2 {[%emt 0:07:23]} Bd7 {[%emt 0:01:21]} 13. a3 {[%emt 0:13:24]} Rc8 {[%emt 0:04:36]} 14. Be3 {[%emt 0:01:51]} Nc4 {[%emt 0:04:28]} 15. Qd3 {[%emt 0:00:59]} g6 {[%emt 0:00:05]} 16. Bc1 {[%emt 0:03:39]} b5 {[%emt 0:12:27]} 17. Ne2 {[%emt 0:19:09]} f6 {[%emt 0:14:25]} 18. exf6 {[%emt 0:02:53]} Bxf6 {[%emt 0:02:21]} 19. b3 {[%emt 0:08:37]} e5 {[%emt 0:06:18]} 20. bxc4 {[%emt 0:03:24]} e4 {[%emt 0:00:31]} 21. Qe3 {[%emt 0:01:19]} exf3 {[%emt 0:00:13]} 22. Qxf3 {[%emt 0:01:00]} dxc4 {[%emt 0:00:19]} 23. Be3 {[%emt 0:05:04]} Rf7 {[%emt 0:06:55]} 24. Be4 {[%emt 0:05:27]} Ne7 {[%emt 0:01:23]} 25. Nf4 {[%emt 0:01:53]} Bc6 {[%emt 0:03:31]} 26. Rad1 {[%emt 0:04:18]} Bxe4 {[%emt 0:02:06]} 27. Qxe4 {[%emt 0:00:04]} Nf5 {[%emt 0:01:30]} 28. d5 {[%emt 0:00:46]} Qd6 {[%emt 0:01:08]} 29. Bc1 {[%emt 0:05:52]} c3 {[%emt 0:01:21]} 30. Qe6 {[%emt 0:03:27]} Rd8 {[%emt 0:01:08]} 31. Rd3 {[%emt 0:01:40]} a5 {[%emt 0:00:38]} 32. Qe4 {[%emt 0:03:32]} Qe5 {[%emt 0:01:02]} 33. Qf3 {[%emt 0:01:06]} Nd4 {[%emt 0:01:17]} 34. Qg4 {[%emt 0:00:32]} Qf5 {[%emt 0:00:42]} 35. Qxf5 {[%emt 0:00:33]} Nxf5 {[%emt 0:00:07]} 36. g4 {[%emt 0:00:29]} Nd6 {[%emt 0:00:50]} 37. Ne6 {[%emt 0:00:31]} Rc8 {[%emt 0:00:18]} 38. Be3 {[%emt 0:00:32]} b4 {[%emt 0:00:44]} 39. axb4 {[%emt 0:00:04]} axb4 {[%emt 0:00:01]} 40. Bc5 {[%emt 0:00:00]} b3 {[%emt 0:00:00]} 41. Bxd6 {[%emt 0:21:16]} b2 {[%emt 0:01:12]} 42. Bf4 {[%emt 0:03:07]} c2 {[%emt 0:04:37]} 43. Rdd1 {[%emt 0:00:59]} cxd1=Q {[%emt 0:01:14]} 44. Rxd1 {[%emt 0:00:04]} Ra7 {[%emt 0:00:16]} 0-1

[Event "IIFL Wealth 4th Mumbai GM"]
[Site "Mumbai"]
[Date "2018.12.31"]
[Round "2"]
[White "Aditya Mittal"]
[Black "Sardana, Rishi"]
[Result "1/2-1/2"]
[WhiteElo "2251"]
[BlackElo "2398"]
[Annotator "NA"]
[PlyCount "159"]
[EventDate "2018.12.30"]
[EventType "swiss"]
[EventCountry "IND"]
[SourceTitle "playchess.com"]
[Source "ChessBase"]
[SourceQuality "1"]
[TimeControl "40/5400+30:1800+30"]

1. d4 e6 2. c4 Nf6 3. Nc3 d5 4. cxd5 exd5 5. Bg5 c6 6. e3 Nbd7 7. Bd3 Be7 8. Nge2 Nh5 9. Bxe7 Qxe7 10. g4 Nhf6 11. Ng3 g6 {D35: Queen's Gambit Declined: Exchange Variation} 12. Qe2 Nb6 13. g5 {LiveBook: 4 Games} Ng8 14. h4 h6 15. O-O-O Be6 16. h5 Qxg5 17. hxg6 fxg6 18. Rdg1 {[#]} Bf7 $146 ({Predecessor:} 18... Qf6 19. Bxg6+ Qxg6 {1-0 (28) Jobava,B (2712)-Heberla,B (2558) Austria 2018}) 19. Nh5 Qe7 20. Bxg6 O-O-O 21. Bxf7 Qxf7 22. Rg7 Qf5 23. Nf4 Kb8 24. Rh5 Qf6 25. Qg4 Qd6 26. Rg6 Nf6 27. Qh4 Rdf8 28. Rf5 Nbd7 29. Nh5 Qe6 30. Qf4+ Ka8 31. Nxf6 Rf7 32. Ne2 c5 33. Ng3 cxd4 34. Rg8+ Rxg8 35. Nxg8 Rxf5 36. Qxf5 Qxg8 37. Qxd7 dxe3 38. Qf5 d4 39. Ne2 d3 40. Qxd3 exf2 41. Nc3 Qg5+ 42. Kc2 Qf6 43. Qf1 a6 44. Nd1 Qc6+ 45. Kd2 Qd5+ 46. Ke2 Qxa2 47. Qxf2 Qc4+ 48. Kd2 Qb4+ 49. Kc1 h5 50. Qe3 h4 51. Nf2 Qc4+ 52. Kd1 Qd5+ 53. Ke1 Qa5+ 54. Kd1 Qd5+ 55. Kc1 Qc6+ 56. Kb1 Qg6+ 57. Ka2 Qg8+ 58. b3 Qg3 59. Qc5 Qf4 60. Ka3 Qf3 61. Qd4 Qf8+ 62. Kb2 Qe7 63. Nd3 Qh7 64. Nc5 Qc7 65. Nd7 Qh2+ 66. Ka3 h3 67. Nb6+ Ka7 68. Nd7+ Ka8 69. Kb4 Qg3 70. Qh8+ Ka7 71. Qd4+ Ka8 72. Nb6+ Kb8 73. Qd8+ Ka7 74. Nc8+ Kb8 75. Nb6+ Ka7 76. Nc8+ Kb8 77. Nd6+ Ka7 78. Nc8+ Kb8 79. Nd6+ $11 Ka7 80. Nc8+ 1/2-1/2

[Event "IIFL Wealth 4th Mumbai GM"]
[Site "Mumbai"]
[Date "2018.12.31"]
[Round "2"]
[White "Varga, Klara"]
[Black "Mohammad Fahad, Rahman"]
[Result "0-1"]
[WhiteElo "2242"]
[BlackElo "2381"]
[Annotator "NA"]
[PlyCount "72"]
[EventDate "2018.12.30"]
[EventType "swiss"]
[EventCountry "IND"]
[SourceTitle "playchess.com"]
[Source "ChessBase"]
[SourceQuality "1"]
[TimeControl "40/5400+30:1800+30"]

1. c4 {[%emt 0:00:00]} e6 {[%emt 0:00:00]} 2. Nc3 {[%emt 0:00:00]} d5 {[%emt 0:00:20]} 3. e3 {[%emt 0:00:02]} Nf6 {[%emt 0:00:16]} 4. Nf3 {[%emt 0:00:05]} Be7 {[%emt 0:00:18]} 5. b3 {[%emt 0:01:16]} c5 {[%emt 0:01:54]} 6. Bb2 {[%emt 0:00:53]} Nc6 {[%emt 0:00:14]} 7. cxd5 {[%emt 0:00:17]} exd5 {[%emt 0:00:13]} 8. d4 {[%emt 0:00:18]} Qa5 {[%emt 0:03:45]} 9. Qd2 {[%emt 0:03:56]} O-O {[%emt 0:01:39]} 10. Be2 {[%emt 0:04:03]} cxd4 {[%emt 0:04:33]} 11. Nxd4 {[%emt 0:05:14]} Nxd4 {[%emt 0:04:59]} 12. exd4 {[%emt 0:02:31]} Bf5 {[%emt 0:17:36]} 13. O-O {[%emt 0:01:58]} Rac8 {[%emt 0:04:10]} 14. Qf4 {[%emt 0:08:25]} Bg6 {[%emt 0:03:51]} 15. Rac1 {[%emt 0:00:24]} Bb4 {[%emt 0:02:34]} 16. Qg3 {[%emt 0:15:36]} Bxc3 {[%emt 0:06:45]} 17. Bxc3 {[%emt 0:00:15]} Qxa2 {[%emt 0:00:11]} 18. Bb4 {[%emt 0:00:48]} Qxe2 {[%emt 0:00:41]} 19. Bxf8 {[%emt 0:00:07]} Rxf8 {[%emt 0:00:05]} 20. Qd6 {[%emt 0:00:47]} Re8 {[%emt 0:01:07]} 21. Qb4 {[%emt 0:03:33]} Qg4 {[%emt 0:09:29]} 22. Qxb7 {[%emt 0:02:57]} Bd3 {[%emt 0:05:51]} 23. Rfe1 {[%emt 0:04:10]} Be4 {[%emt 0:06:28]} 24. f3 {[%emt 0:00:12]} Bxf3 {[%emt 0:00:06]} 25. Rxe8+ {[%emt 0:00:06]} Nxe8 {[%emt 0:00:05]} 26. Rc2 {[%emt 0:00:09]} Qxd4+ {[%emt 0:00:11]} 27. Rf2 {[%emt 0:00:09]} Bh5 {[%emt 0:00:04]} 28. Qd7 {[%emt 0:03:01]} f6 {[%emt 0:01:04]} 29. h3 {[%emt 0:01:53]} Bg6 {[%emt 0:04:05]} 30. b4 h5 31. b5 {[%emt 0:01:24]} Kh7 {[%emt 0:00:56]} 32. h4 {[%emt 0:02:54]} Qc5 {[%emt 0:01:07]} 33. Qc6 {[%emt 0:08:03]} Qd4 {[%emt 0:01:31]} 34. Qd7 {[%emt 0:00:18]} Qb6 {[%emt 0:00:44]} 35. Qxd5 {[%emt 0:00:44]} Nd6 {[%emt 0:00:11]} 36. Qc6 {[%emt 0:00:45]} Qd4 0-1

[Event "IIFL Wealth 4th Mumbai GM"]
[Site "Mumbai"]
[Date "2018.12.31"]
[Round "2"]
[White "Wagh Suyog"]
[Black "Rathnakaran, K.."]
[Result "1-0"]
[WhiteElo "2240"]
[BlackElo "2366"]
[Annotator "NA"]
[PlyCount "75"]
[EventDate "2018.12.30"]
[EventType "swiss"]
[EventCountry "IND"]
[SourceTitle "playchess.com"]
[Source "ChessBase"]
[SourceQuality "1"]
[TimeControl "40/5400+30:1800+30"]

1. Nf3 {[%emt 0:00:00]} g6 {[%emt 0:00:00]} 2. g3 {[%emt 0:02:04]} Bg7 {[%emt 0:00:00]} 3. d4 {[%emt 0:00:03]} c5 {[%emt 0:00:00]} 4. c3 {[%emt 0:06:49]} cxd4 {[%emt 0:00:37]} 5. cxd4 {[%emt 0:02:20]} Nf6 {[%emt 0:00:05]} 6. Bg2 {[%emt 0:02:52]} O-O {[%emt 0:00:15]} 7. Nc3 {[%emt 0:05:46]} d5 {[%emt 0:00:09]} 8. O-O {[%emt 0:03:22]} Nc6 {[%emt 0:00:10]} 9. Ne5 {[%emt 0:00:38]} Be6 {[%emt 0:01:34]} 10. Nxc6 {[%emt 0:10:34]} bxc6 {[%emt 0:00:06]} 11. Na4 {[%emt 0:02:24]} Qc8 {[%emt 0:00:30]} 12. b3 {[%emt 0:06:47]} Bh3 {[%emt 0:00:26]} 13. Bb2 {[%emt 0:00:05]} h5 {[%emt 0:02:30]} 14. Rc1 {[%emt 0:01:28]} h4 {[%emt 0:00:41]} 15. Qc2 {[%emt 0:03:03]} Bh6 {[%emt 0:02:06]} 16. e3 {[%emt 0:19:10]} Bxg2 {[%emt 0:05:04]} 17. Kxg2 {[%emt 0:00:47]} Kg7 {[%emt 0:00:05]} 18. Nc5 {[%emt 0:04:54]} Rh8 {[%emt 0:00:40]} 19. Rh1 {[%emt 0:00:14]} h3+ {[%emt 0:01:26]} 20. Kf1 {[%emt 0:00:54]} Ng4 {[%emt 0:00:10]} 21. Ke2 {[%emt 0:02:42]} Rd8 {[%emt 0:00:23]} 22. Rce1 {[%emt 0:02:09]} a5 {[%emt 0:07:44]} 23. Kd1 {[%emt 0:03:52]} Kh7 {[%emt 0:00:58]} 24. Kc1 {[%emt 0:02:36]} e5 {[%emt 0:00:06]} 25. dxe5 {[%emt 0:00:45]} d4 {[%emt 0:00:05]} 26. Kb1 {[%emt 0:01:14]} dxe3 {[%emt 0:01:18]} 27. fxe3 {[%emt 0:00:30]} Nxe3 {[%emt 0:02:18]} 28. Qe4 {[%emt 0:10:06]} Qf5 {[%emt 0:00:37]} 29. Bc1 {[%emt 0:02:42]} Rd4 {[%emt 0:00:34]} 30. Qxf5 {[%emt 0:00:30]} Nxf5 {[%emt 0:00:06]} 31. Bb2 {[%emt 0:00:38]} Rd2 {[%emt 0:02:05]} 32. g4 {[%emt 0:01:38]} Nh4 {[%emt 0:02:18]} 33. Ne4 {[%emt 0:01:05]} Rg2 {[%emt 0:00:18]} 34. Rhf1 {[%emt 0:00:45]} Rxh2 {[%emt 0:10:11]} 35. Rxf7+ {[%emt 0:00:45]} Bg7 {[%emt 0:00:05]} 36. Bc3 {[%emt 0:01:05]} Rf8 {[%emt 0:01:22]} 37. e6 {[%emt 0:00:21]} Rxf7 {[%emt 0:00:25]} 38. Ng5+ {[%emt 0:00:12]} 1-0

[Event "IIFL Wealth 4th Mumbai GM"]
[Site "Mumbai"]
[Date "2018.12.31"]
[Round "2"]
[White "Prraneeth Vuppala"]
[Black "Puranik, Abhimanyu"]
[Result "1/2-1/2"]
[WhiteElo "2228"]
[BlackElo "2544"]
[Annotator "TA"]
[PlyCount "71"]
[EventDate "2018.12.30"]
[EventType "swiss"]
[EventCountry "IND"]
[SourceTitle "playchess.com"]
[Source "ChessBase"]
[SourceQuality "1"]

{[%evp 12,71,41,48,59,59,104,100,112,93,93,0,4,0,0,-21,-29,-14,-25,-19,-39,-14,-26,-29,-26,-39,-29,-29,-29,-31,-29,-30,-31,-29,-46,-37,0,-45,-35,-49,-41,-57,0,0,0,0,0,0,0,0,0,0,0,0,0,0,0,0,0,0,0,0]} 1. d4 Nf6 2. Bg5 Ne4 3. Bf4 d5 4. e3 e6 5. Bd3 c5 (5... Bd6 6. Bxe4 Bxf4 7. exf4 dxe4 8. Nc3 Nc6 9. Nge2 f5 10. Qd2 O-O 11. O-O-O a5 12. h3 a4 13. a3 b5 {½-½ (58) Vitiugov,N (2726)-Grandelius,N (2643) Doha 2016}) 6. Bxe4 {A45: Trompowsky Attack} dxe4 7. Nc3 {LiveBook: 18 Games} f5 8. dxc5 {White is slightly better.} Bxc5 $146 ({Predecessor:} 8... Qxd1+ 9. Rxd1 Bxc5 10. Nb5 Na6 11. Ne2 Kf7 12. Be5 Be7 13. Nd6+ Bxd6 14. Rxd6 {0-1 (47) Eichhorn,A (2238)-Hirsch,S (2226) Germany 2004}) 9. Qxd8+ Kxd8 10. O-O-O+ Ke7 11. Nb5 (11. Na4 $16 Bb6 12. Nxb6 axb6 13. a3) 11... Nc6 $11 12. Nc7 Rb8 13. Nh3 h6 14. Nb5 e5 15. Rd5 exf4 16. Rxc5 fxe3 17. fxe3 a6 18. Nc3 g5 19. g4 fxg4 20. Nf2 Rf8 21. Nfxe4 Be6 22. Nd5+ Bxd5 23. Rxd5 Rf3 24. Kd2 Re8 25. Rg1 Kf8 26. Rxg4 Ne5 (26... Rh3 $1 $15) 27. Rg3 {Threatens to win with Rxe5!The position is equal.} Nc4+ {[%mdl 64] [#] Discovered Attack} 28. Kd3 Nxb2+ 29. Ke2 Rxg3 30. Nxg3 {[%mdl 4096] Endgame KRN-KRN} Nc4 31. Nf5 b5 32. Rc5 Rd8 33. Nd4 Re8 34. Nf5 Rd8 35. Nd4 Re8 36. Nf5 {Accuracy: White = 76%, Black = 77%.} 1/2-1/2

[Event "IIFL Wealth 4th Mumbai GM"]
[Site "Mumbai"]
[Date "2018.12.31"]
[Round "2"]
[White "Kurbonboeva, Sarvinoz"]
[Black "Rozum, Ivan"]
[Result "1/2-1/2"]
[WhiteElo "2214"]
[BlackElo "2589"]
[Annotator "RC"]
[PlyCount "117"]
[EventDate "2018.12.30"]
[EventType "swiss"]
[EventCountry "IND"]
[SourceTitle "playchess.com"]
[Source "ChessBase"]
[SourceQuality "1"]
[TimeControl "40/5400+30:1800+30"]

1. d4 {[%emt 0:00:00]} Nf6 {[%emt 0:00:51]} 2. c4 {[%emt 0:00:01]} d6 {[%emt 0:00:06]} 3. Nf3 {[%emt 0:00:48]} g6 {[%emt 0:00:09]} 4. g3 {[%emt 0:02:08]} Bg7 {[%emt 0:02:59]} 5. Bg2 {[%emt 0:00:05]} Bf5 {[%emt 0:00:17]} 6. O-O {[%emt 0:02:18]} O-O {[%emt 0:01:57]} 7. Nc3 {[%emt 0:02:50]} Ne4 {[%emt 0:00:11]} 8. Nxe4 {[%emt 0:01:00]} Bxe4 {[%emt 0:00:04]} 9. Bh3 {[%emt 0:00:30]} Bc6 {[%emt 0:22:32]} 10. Bg2 {[%emt 0:14:51]} e5 {[%emt 0:04:26]} 11. d5 {[%emt 0:18:26]} Bd7 {[%emt 0:02:46]} 12. Bg5 {[%emt 0:06:30]} Qe8 {[%emt 0:03:54]} 13. Qd2 {[%emt 0:05:51]} a5 {[%emt 0:06:53]} 14. Bh6 {[%emt 0:03:48]} b6 {[%emt 0:06:52]} 15. Bxg7 {[%emt 0:10:42]} Kxg7 {[%emt 0:03:37]} 16. b3 {[%emt 0:00:05]} Na6 {[%emt 0:00:46]} 17. a3 {[%emt 0:00:09]} Nc5 {[%emt 0:00:55]} 18. Rab1 {[%emt 0:02:27]} Bf5 {[%emt 0:06:00]} 19. Rb2 {[%emt 0:00:13]} Qd7 {[%emt 0:02:02]} 20. Nh4 {[%emt 0:05:31]} Bh3 {[%emt 0:01:29]} 21. b4 {[%emt 0:00:31]} Bxg2 {[%emt 0:00:32]} 22. Nxg2 {[%emt 0:00:11]} Ne4 {[%emt 0:03:51]} 23. Qc2 {[%emt 0:02:26]} f5 {[%emt 0:01:33]} 24. f3 {[%emt 0:02:09]} Nf6 {[%emt 0:00:09]} 25. Rd1 {[%emt 0:00:04]} axb4 {[%emt 0:01:36]} 26. axb4 {[%emt 0:00:05]} Ra3 {[%emt 0:04:06]} 27. c5 {[%emt 0:01:43]} Rfa8 {[%emt 0:00:51]} 28. cxb6 {[%emt 0:02:07]} cxb6 {[%emt 0:00:07]} 29. Qc6 {[%emt 0:00:03]} b5 {[%emt 0:04:29]} 30. Rc2 {[%emt 0:01:21]} Ra1 {[%emt 0:02:13]} 31. Qxd7+ {[%emt 0:04:07]} Nxd7 {[%emt 0:01:09]} 32. Rxa1 {[%emt 0:00:04]} Rxa1+ {[%emt 0:00:06]} 33. Kf2 {[%emt 0:00:01]} Nf6 {[%emt 0:02:55]} 34. Rc7+ {[%emt 0:02:28]} Kf8 {[%emt 0:02:19]} 35. Rb7 {[%emt 0:06:21]} Nxd5 {[%emt 0:01:07]} 36. Rxb5 {[%emt 0:00:02]} Nc3 {[%emt 0:00:42]} 37. Ra5 {[%emt 0:02:03]} Rb1 {[%emt 0:01:06]} 38. Ra7 {[%emt 0:00:56]} Rb2 {[%emt 0:04:09]} 39. Rxh7 {[%emt 0:00:23]} Nxe2 {[%emt 0:02:05]} 40. Kf1 {[%emt 0:00:00]} Nd4 {[%emt 0:00:00]} 41. f4 {[%emt 0:06:27]} e4 {[%emt 0:04:44]} 42. Rd7 {[%emt 0:00:30]} Nf3 {[%emt 0:23:27]} 43. h3 {[%emt 0:12:30]} Rd2 {[%emt 0:03:05]} 44. b5 {[%emt 0:06:04]} Ke8 {[%emt 0:00:04]} 45. Rg7 {[%emt 0:00:04]} Kd8 {[%emt 0:02:34]} 46. b6 {[%emt 0:01:19]} Kc8 {[%emt 0:00:40]} 47. g4 {[%emt 0:03:55]} d5 {[%emt 0:01:28]} 48. Ne3 {[%emt 0:00:07]} Kb8 {[%emt 0:02:25]} 49. Rd7 {[%emt 0:00:57]} Nh2+ {[%emt 0:01:15]} 50. Ke1 {[%emt 0:00:06]} Nf3+ {[%emt 0:00:04]} 51. Kf1 {[%emt 0:00:02]} Nh2+ {[%emt 0:01:10]} 52. Ke1 {[%emt 0:00:01]} Nf3+ {[%emt 0:00:04]} 53. Kf1 {[%emt 0:00:02]} fxg4 {[%emt 0:00:21]} 54. hxg4 {[%emt 0:00:23]} d4 {[%emt 0:00:11]} 55. Nc4 {[%emt 0:00:11]} Nh2+ {[%emt 0:00:04]} 56. Ke1 {[%emt 0:00:03]} Nf3+ {[%emt 0:00:03]} 57. Kf1 {[%emt 0:00:03]} Nh2+ {[%emt 0:02:12]} 58. Ke1 {[%emt 0:00:01]} Nf3+ {[%emt 0:00:04]} 59. Kf1 {[%emt 0:00:05]} 1/2-1/2